Language Quiz

Random Language Quiz
Score 0/30 Timer 10:00
0 Plays Today
Achoo! Language % Correct
Bless You!English
100%
Gesundheit!German
97.9%
Salud!Spanish
91.5%
À vos souhaits!French
48.9%
Yar'Hamuk Allah!Arabic
46.8%
Saúde!Portuguese
40.4%
Gezondheid!Dutch
38.3%
Salute!Italian
36.2%
Na Zdrowie!Polish
27.7%
Bud Zdorov!Russian
25.5%
Çok Yaşa!Turkish
19.1%
Egészségedre!Hungarian
17%
Dui Bu Qi!Chinese
17%
Terveydeksi!Finnish
14.9%
Nazdravlje!Serbian
12.8%
Achoo! Language % Correct
Prosit!Various Scandinavian
12.8%
Na Zdraví!Czech
12.8%
Gesondheid!Afrikaans
12.8%
Shëndet!Albanian
10.6%
Itses!Greek
8.5%
Na Zdravje!Slovenian
8.5%
Eichi!Korean
8.5%
La'Briut!Hebrew
6.4%
Į Sveikatą!Lithuanian
6.4%
Dia Leat!Scottish Gaelic
6.4%
Tzu Gezunt!Yiddish
4.3%
Noroc!Romanian
2.1%
Bismella!Farsi
2.1%
Afiat Basheh!Persian
2.1%
Sanon!Esperanto
0%
Remove Ads.
Support Sporcle.
Get the best of Sporcle when you Go Orange. This ad-free experience offers more features, more stats, and more fun while also helping to support Sporcle. Thank you for becoming a member.

You're not logged in!

Compare scores with friends on all Sporcle quizzes.
OR
Log In

Show Comments

Extras

Created Feb 1, 2011ReportNominate

Top Quizzes Today


Score Distribution

Your Account Isn't Verified!

In order to create a playlist on Sporcle, you need to verify the email address you used during registration. Go to your Sporcle Settings to finish the process.

Report this User

Report this user for behavior that violates our Community Guidelines.

Details: